| 000 | 00825nam a2200181Ia 4500 | ||
|---|---|---|---|
| 008 | 090124s9999 xx 000 0 und d | ||
| 082 | _b119835 | ||
| 100 | _aसोहोनी श्री. वि. | ||
| 245 | _a रेडिओ दुरुस्ती ( व्हॉल्व्ह व ट्रॅन्झिस्टर रेडिओ ) | ||
| 250 | _a4 | ||
| 260 | _c1982 | ||
| 300 | _a574 | ||
| 600 | _aसोहोनी श्री. वि. | ||
| 630 | _a रेडिओ दुरुस्ती ( व्हॉल्व्ह व ट्रॅन्झिस्टर रेडिओ ) | ||
| 700 | _aसोहोनी श्री. वि. | ||
| 730 | _a रेडिओ दुरुस्ती ( व्हॉल्व्ह व ट्रॅन्झिस्टर रेडिओ ) | ||
| 942 | _cBOOK | ||
| 999 |
_c165921 _d165921 |
||